000 00852nam a2200301 a 4500
003 AR-BaBNM
005 20251128210322.0
008 082120s2002 ||||||||||||||000 | spa||
040 _cAR-BaBNM
100 1 _aRudolph, Frederick
245 0 0 _aThe american college and university
_ba history
250 _a1ª ed.
260 _aNew York
_bAlfred A. Knopf
_c1962
300 _axxxvii, 516 p.
504 _aContiene bibliografía p. 467-515
650 4 _aUNIVERSIDADES
650 4 _aCURRICULO
650 4 _aACTIVIDADES FUERA DE PROGRAMA
650 4 _aPROGRAMAS DE ESTUDIOS
650 4 _aADMINISTRACION UNIVERSITARIA
650 4 _aHISTORIA DE LA EDUCACION
651 4 _aEstados Unidos
653 _aEDUCACION SUPERIOR
653 _aINSTITUCIONES EDUCATIVAS
653 _aHISTORIA DE LA UNIVERSIDAD
942 _cBK
998 _cRaquel
999 _c14932
_d14932